000 00253 a2200097 4500
001 52169
100 _aMukherjee S
245 _aBoundary Element Methods in Creep and Fracture
260 _aLondon
_bApplied Science Publishers
_c
090 _c32832
_d32832
942 _aNUST-CAE
_cM
_c25372
999 _c287242
_d287242